THE WONDER THAT WAS INDIA (Record no. 343706)
[ view plain ]
| 000 -LEADER | |
|---|---|
| fixed length control field | 00416 a2200169 4500 |
| 003 - CONTROL NUMBER IDENTIFIER | |
| control field | OSt |
| 005 - DATE AND TIME OF LATEST TRANSACTION | |
| control field | 20180116182651.0 |
| 008 - FIXED-LENGTH DATA ELEMENTS--GENERAL INFORMATION | |
| fixed length control field | 160613b xxu||||| |||| 00| 0 eng d |
| 020 ## - INTERNATIONAL STANDARD BOOK NUMBER | |
| International Standard Book Number | 0 |
| 040 ## - CATALOGING SOURCE | |
| Transcribing agency | 0 |
| 082 ## - DEWEY DECIMAL CLASSIFICATION NUMBER | |
| Classification number | 954 BAS 2004 |
| 100 ## - MAIN ENTRY--PERSONAL NAME | |
| Personal name | A.L.BASHAM |
| 245 ## - TITLE STATEMENT | |
| Title | THE WONDER THAT WAS INDIA |
| Statement of responsibility, etc. | A.L.BASHAM |
| 260 ## - PUBLICATION, DISTRIBUTION, ETC. | |
| Place of publication, distribution, etc. | ROYAL BOOK COMPANY PAKISTAN |
| Date of publication, distribution, etc. | 2004 |
| 300 ## - PHYSICAL DESCRIPTION | |
| Extent | 572 p. |
| Other physical details | PB |
| 942 ## - ADDED ENTRY ELEMENTS (KOHA) | |
| Institution code [OBSOLETE] | NBS |
| Koha item type | Book |
| Call number prefix | 954 BAS |
| Source of classification or shelving scheme | |
| Withdrawn status | Lost status | Damaged status | Not for loan | Permanent Location | Current Location | Date acquired | Total Checkouts | Full call number | Barcode | Date last seen | Date last checked out | Price effective from | Koha item type |
|---|---|---|---|---|---|---|---|---|---|---|---|---|---|
| Central Library (CL) | Central Library (CL) | 08/28/2013 | 2 | 954 BAS | NBSD-514 | 11/23/2017 | 08/29/2017 | 08/28/2013 | Book |
